BL dramas by the couple - Statistics

General Stats
  • This quiz has been taken 1,326 times
  • The average score is 8 of 15
Answer Stats
Hint Answer % Correct
TinCan Love by Chance
86%
SaifahZon Why R U: The Series
81%
WinTeam Until We Meet Again: The Series
78%
SunMork Dark Blue Kiss
69%
FothBeam 2Moons: The Series
66%
RomePick Senior Secret Love: Puppy Honey
66%
BookFrame Make It Right: The Series
59%
Phunnoh Love Sick: The Series
46%
PreeRambo What the Duck: The Series
46%
AunTwo Theory of love
45%
SoloGui Oxygen: The Series
33%
KongpobArthit Our Skyy
27%
MesThun He's Coming To Me
24%
GolfBank My Bromance
24%
NuerPorsche Views of love: Grey Rainbow
11%
No matching quizzes found
Score Distribution
Percent of People with Each Score
Percentile by Number Answered
Your Score History
You have not taken this quiz